| 000 | 00551nab a2200229 a 4500 | ||
|---|---|---|---|
| 001 | 29822 | ||
| 003 | 95374 | ||
| 005 | 20201118100647.0 | ||
| 008 | ||||||n9999 ||| || || | ||
| 041 | _aspa | ||
| 100 | _aAsenjo, Rafael | ||
| 245 | 0 | _aLa gestion ambiental en Chile | |
| 260 |
_aBogotá : _bConvenio Andrés Bello, _c1992. |
||
| 300 | _app.79-93 | ||
| 562 | _e0 | ||
| 650 | _aCHILE | ||
| 650 | _aINFORME | ||
| 650 | _aMEDIO AMBIENTE | ||
| 650 | _aPOLÍTICA AMBIENTAL | ||
| 773 |
_029654 _aGestión y ambiente : |
||
| 942 | _cANADO | ||
| 999 |
_c29822 _d29822 |
||